Burlao REMIX - Bryant Myers, Arcángel, Almighty, Baby Rasta... - Estadísticas

Estadísticas generales
  • Esta prueba ha sido intentada 28 veces
  • La puntuación promedio es 669 de 2153
Estadísticas de respuestas
Letra % Correcto
l
100%
B
75%
e
75%
el
75%
El
75%
él
75%
falta
75%
fue
75%
ha
75%
hace
75%
llega
75%
ni
75%
Ni
75%
no
75%
No
75%
o
75%
O
75%
que
75%
qué
75%
Que
75%
R
75%
s
75%
se
75%
U
75%
Y
75%
y
75%
a
50%
A
50%
al
50%
Con
50%
con
50%
D
50%
de
50%
De
50%
en
50%
En
50%
es
50%
I
50%
i
50%
LA
50%
la
50%
La
50%
lo
50%
Lo
50%
m
50%
mi
50%
50%
PR
50%
Si
50%
50%
si
50%
te
50%
Te
50%
to
50%
To
50%
50%
tu
50%
50%
acuerdo
25%
andamo
25%
ando
25%
Ando
25%
apaga
25%
Arca
25%
Auh
25%
aunque
25%
Austincito
25%
back
25%
basket
25%
Billy
25%
bolsillo
25%
break
25%
brillan
25%
Bryant
25%
burla
25%
Cabrón
25%
cabrón
25%
cabrone
25%
caigo
25%
calla
25%
Callao
25%
como
25%
Cómo
25%
Como
25%
contra
25%
contrato
25%
cuando
25%
Cuando
25%
da
25%
dame
25%
Dame
25%
deja
25%
del
25%
desastre
25%
día
25%
diamante
25%
die
25%
dio
25%
Dios
25%
do
25%
dos
25%
doy
25%
efe
25%
esa
25%
eso
25%
espera
25%
está
25%
Está
25%
están
25%
esté
25%
este
25%
esto
25%
Esto
25%
estoy
25%
Estoy
25%
Falso
25%
faro
25%
firmé
25%
firme
25%
flaco
25%
fronte
25%
Gang
25%
gánster
25%
Gánster
25%
gente
25%
gordo
25%
Gracia
25%
han
25%
Handy
25%
he
25%
herramienta
25%
hijo
25%
isla
25%
ja
25%
je
25%
jefe
25%
josear
25%
joseo
25%
jugar
25%
Las
25%
las
25%
le
25%
ley
25%
leyenda
25%
liga
25%
los
25%
Los
25%
luz
25%
25%
mal
25%
Maldita
25%
mamar
25%
Mandy
25%
Maravilla
25%
más
25%
matar
25%
me
25%
Me
25%
mía
25%
mío
25%
míos
25%
mirar
25%
mordi
25%
mueren
25%
na
25%
nadie
25%
nos
25%
nunca
25%
Nunca
25%
oh
25%
opaco
25%
pa
25%
Pa
25%
papi
25%
par
25%
para
25%
parar
25%
paré
25%
paro
25%
pedí
25%
peine
25%
Pérate
25%
pero
25%
Pero
25%
Perú
25%
pide
25%
pidió
25%
por
25%
Por
25%
porque
25%
Porque
25%
preso
25%
primer
25%
pueden
25%
puedo
25%
puñeta
25%
puta
25%
remix
25%
rodeo
25%
roja
25%
rompe
25%
Rompe
25%
rompo
25%
sapo
25%
sea
25%
sigo
25%
Sigo
25%
sin
25%
sobre
25%
son
25%
Son
25%
soy
25%
Soy
25%
Tamo
25%
tamo
25%
tán
25%
tee
25%
tengo
25%
Tengo
25%
tiempo
25%
tiene
25%
tienen
25%
Todavía
25%
Toy
25%
un
25%
Un
25%
up
25%
van
25%
ven
25%
viene
25%
vo
25%
voy
25%
ya
25%
Ya
25%
Yeah
25%
yeah
25%
Yo
25%
yo
25%
17
0%
19
0%
19x
0%
300
0%
7
0%
8
0%
abierta
0%
abogado
0%
abra
0%
abrazo
0%
adentro
0%
Adicto
0%
administre
0%
Ah
0%
ah
0%
ahí
0%
ahora
0%
Ahora
0%
Ajá
0%
ajá
0%
AK
0%
alelu
0%
algarete
0%
Almighty
0%
alta
0%
amansa
0%
amén
0%
Andreas
0%
anillo
0%
año
0%
ante
0%
antes
0%
Antes
0%
aplasto
0%
aquí
0%
armería
0%
arrastra
0%
arrebata
0%
arriba
0%
artificial
0%
asesinos
0%
así
0%
azotarte
0%
azoto
0%
Baby
0%
baby
0%
bala
0%
Belén
0%
bellaco
0%
bendice
0%
beso
0%
bien
0%
billete
0%
birrete
0%
bitch
0%
bizcocho
0%
black
0%
Blackout
0%
blanca
0%
bonito
0%
boo
0%
Bootie
0%
brazo
0%
brr
0%
bumper
0%
búnker
0%
burlaban
0%
burlándome
0%
Burlándome
0%
burleo
0%
burlete
0%
burlo
0%
burro
0%
buscar
0%
cabeza
0%
cae
0%
caen
0%
calle
0%
calquia
0%
cambio
0%
camine
0%
camino
0%
canta
0%
canto
0%
capo
0%
capsuleando
0%
capucha
0%
cargar
0%
carjacking
0%
carnicería
0%
Carolina
0%
carro
0%
casco
0%
cash
0%
caso
0%
Cavo
0%
celoso
0%
cero
0%
chantea
0%
Chavo
0%
cheque
0%
chinga
0%
chipete
0%
chota
0%
cien
0%
cintura
0%
clase
0%
clavo
0%
Club
0%
cobrando
0%
cobrarle
0%
cocotazo
0%
código
0%
cogió
0%
cohete
0%
cojone
0%
combo
0%
compra
0%
compran
0%
conmigo
0%
copia
0%
cora
0%
corazón
0%
coronando
0%
Coroné
0%
corre
0%
correa
0%
corro
0%
cortar
0%
corte
0%
cosa
0%
crió
0%
Cristo
0%
cuele
0%
cuelen
0%
cuenta
0%
cuentan
0%
cuerpo
0%
cuido
0%
curva
0%
dale
0%
dan
0%
dando
0%
Dando
0%
Danger
0%
dar
0%
darle
0%
darse
0%
date
0%
DEA
0%
dealer
0%
debajo
0%
dejarlo
0%
dejó
0%
dejo
0%
demandar
0%
demente
0%
demonio
0%
dentro
0%
desde
0%
Desde
0%
desgaste
0%
Despega
0%
despué
0%
detalle
0%
devuelvo
0%
diablo
0%
dicen
0%
dije
0%
Dile
0%
dime
0%
Dime
0%
dinero
0%
diría
0%
disco
0%
don
0%
donde
0%
Donde
0%
draco
0%
Drug
0%
dura
0%
Edgar
0%
eh
0%
ello
0%
Ellos
0%
empecé
0%
encima
0%
endiamanta
0%
Enmascara
0%
enterrarte
0%
entiende
0%
entonces
0%
entran
0%
entro
0%
envidia
0%
ere
0%
escolte
0%
escondi
0%
Estamo
0%
estar
0%
estrella
0%
exporte
0%
ey
0%
Ey
0%
facturando
0%
faja
0%
falla
0%
faltó
0%
father
0%
feo
0%
fire
0%
Flores
0%
flow
0%
fórmula
0%
four
0%
frente
0%
fueran
0%
fuete
0%
fui
0%
fuletazo
0%
fumando
0%
ganga
0%
Gasto
0%
glizzy
0%
Glizzy
0%
glope
0%
gloria
0%
Good
0%
grabarme
0%
gradua
0%
grandeza
0%
gravamen
0%
Grim
0%
GTA
0%
guapo
0%
guerra
0%
guerrear
0%
Gvng
0%
había
0%
hablar
0%
hablo
0%
hacen
0%
hacer
0%
Haciendo
0%
haciéndome
0%
hackea
0%
hacking
0%
haga
0%
hago
0%
haiga
0%
halle
0%
harta
0%
hasta
0%
hay
0%
hayan
0%
heavy
0%
hecho
0%
hice
0%
hicimo
0%
hierba
0%
high
0%
hoy
0%
hueco
0%
humo
0%
ido
0%
imitar
0%
imposible
0%
insectería
0%
inteligencia
0%
Intentions
0%
invirtiendo
0%
it
0%
jacket
0%
jaja
0%
jajaja
0%
jalo
0%
jamás
0%
Japón
0%
jaque
0%
jeje
0%
Jordan
0%
josеo
0%
jugamo
0%
juguetes
0%
jumpazo
0%
justo
0%
Krusty
0%
lambebicho
0%
lambo
0%
lápi
0%
lealtad
0%
Lee
0%
lejito
0%
Les
0%
levanta
0%
libera
0%
licuadora
0%
Lil
0%
lil
0%
línea
0%
llama
0%
llamaron
0%
llamo
0%
llave
0%
llegamos
0%
llegó
0%
lleva
0%
llevo
0%
llora
0%
Lloren
0%
Lobo
0%
Loca
0%
loca
0%
luce
0%
lupa
0%
mafioso
0%
mahón
0%
malcria
0%
maldito
0%
mañana
0%
manda
0%
Mandé
0%
mando
0%
Mario
0%
mask
0%
matamo
0%
Matándolos
0%
mate
0%
Mate
0%
Matrix
0%
Mbappé
0%
medio
0%
memoria
0%
menos
0%
mente
0%
Mere
0%
mete
0%
meterle
0%
meterme
0%
mexicano
0%
Michael
0%
Mighty
0%
mil
0%
Millo
0%
millo
0%
Milloliseo
0%
millone
0%
Mírame
0%
miro
0%
misericordia
0%
mismo
0%
mismos
0%
mocho
0%
mohoso
0%
moleste
0%
Money
0%
Monjas
0%
montando
0%
monte
0%
monto
0%
morgue
0%
motora
0%
movie
0%
Mucho
0%
mucho
0%
muero
0%
muerta
0%
muerte
0%
muevo
0%
multiplica
0%
murió
0%
my
0%
Myers
0%
Mynor
0%
nací
0%
nadar
0%
negociacione
0%
negro
0%
negros
0%
negry
0%
nene
0%
Ñengoso
0%
Neo
0%
nervio
0%
nervioso
0%
never
0%
nigga
0%
Nike
0%
niño
0%
noche
0%
Noriel
0%
normal
0%
nosotro
0%
not
0%
nota
0%
nuevo
0%
obliga
0%
ocho
0%
oferta
0%
Off
0%
official
0%
0%
okey
0%
Omar
0%
oro
0%
oscura
0%
ouh
0%
oye
0%
pace
0%
palabra
0%
palo
0%
pánico
0%
papaye
0%
paquete
0%
parquea
0%
paso
0%
patá
0%
pecho
0%
Pedro
0%
película
0%
peso
0%
pierdo
0%
pillo
0%
piqué
0%
pisando
0%
pista
0%
pistolón
0%
plan
0%
play
0%
pobre
0%
poli
0%
ponga
0%
predica
0%
preñarse
0%
presta
0%
primera
0%
profile
0%
protegen
0%
prr
0%
prra
0%
pudiendo
0%
puerco
0%
puerta
0%
puesta
0%
puño
0%
puse
0%
quе
0%
queda
0%
quién
0%
Quien
0%
quiera
0%
quiere
0%
quieren
0%
quisiera
0%
Rasta
0%
Reaper
0%
Recuerda
0%
recuerdo
0%
reguero
0%
reina
0%
remolco
0%
reportan
0%
reporte
0%
rescate
0%
respeto
0%
rifle
0%
roba
0%
rompa
0%
roncan
0%
roncando
0%
roncarme
0%
rra
0%
Rra
0%
sabe
0%
Saca
0%
saco
0%
salen
0%
salgo
0%
Salimo
0%
salte
0%
San
0%
santa
0%
Santurce
0%
saqué
0%
sata
0%
seguir
0%
sembramo
0%
señor
0%
ser
0%
sería
0%
shh
0%
shoot
0%
Siempre
0%
siempre
0%
siendo
0%
siento
0%
Siervo
0%
Siete
0%
sillón
0%
sir
0%
sistema
0%
ski
0%
solo
0%
somo
0%
soportan
0%
sorprende
0%
Spike
0%
stepper
0%
stokea
0%
stomper
0%
Subestiman
0%
sueldo
0%
suelta
0%
suero
0%
sufriendo
0%
sumi
0%
Super
0%
susto
0%
tanta
0%
Tenemo
0%
tenga
0%
tenía
0%
Texaco
0%
the
0%
The
0%
ticket
0%
tierra
0%
Timber
0%
Tirando
0%
tirarte
0%
tiré
0%
toca
0%
todo
0%
Toqué
0%
Torres
0%
trago
0%
traicionero
0%
traicionó
0%
tranca
0%
trancan
0%
trapero
0%
Trata
0%
tre
0%
Trinidad
0%
Trinity
0%
uh
0%
último
0%
una
0%
uno
0%
ustede
0%
Ustede
0%
valgo
0%
Valle
0%
vape
0%
vayan
0%
vece
0%
veía
0%
velen
0%
velorio
0%
Vendemo
0%
veo
0%
ver
0%
verde
0%
verso
0%
Verstappen
0%
ves
0%
vida
0%
viejo
0%
viendo
0%
vira
0%
vive
0%
vivimo
0%
vivir
0%
votando
0%
voz
0%
vuelvo
0%
VV
0%
Warboy
0%
Warzone
0%
Wayy
0%
We
0%
weight
0%
Wheeleando
0%
White
0%
white
0%
wuh
0%
X5
0%
yegua
0%
yes
0%
YZ
0%
zurda
0%
No se encontraron pruebas coincidentes
Distribución de puntuación
Porcentaje de gente con cada puntuación
Porcentaje por número respondido
Historial de tus puntuaciones
No has intentado esta prueba.